000 00436nam a22001697a 4500
005 20160627145003.0
008 160627b xxu||||| |||| 00| 0 eng d
020 _a0-7619-9476-9
041 _aeng
082 _b10644
100 _aMelkote, Srinivas R & Steeves, H leslia
_92786
245 _aCommunication for the Development in the third World
260 _bSage
_c2001
300 _a367
650 _aManagement
_9241
942 _cBK
999 _c4267
_d4266